| 000 | 00735nam a2200241Ia 4500 | ||
|---|---|---|---|
| 003 | OSt | ||
| 005 | 20220923220913.0 | ||
| 006 | a|||||r|||| 00| 0 | ||
| 007 | ta | ||
| 008 | 220922b |||||||| |||| 00| 0 hin d | ||
| 024 | _a192,021 | ||
| 037 | _cTextual | ||
| 040 |
_aARTS _cARTS _bhin |
||
| 041 |
_2hin _ahin |
||
| 082 | _aS1-6:86, 152M2 | ||
| 100 | _aजगत सिंह | ||
| 245 | 0 | _aबच्चे क्यों बिगड़ते हैं | |
| 246 | _aBachche kyoan bigaड़te haian | ||
| 260 |
_aदिल्ली _b प्रभात प्रकाशन _c1982 |
||
| 300 |
_a219पृ. _ccm. |
||
| 942 |
_hS1-6:86, 152M2 _cTEXL _2CC |
||
| 999 |
_c344667 _d344667 |
||